Legislación sobre indios del Rio de la Plata en el siglo XVI / (Record no. 70404)
[ view plain ]
| 000 -LEADER | |
|---|---|
| campo de control de longitud fija | 00706nam a2200193 i 4500 |
| 001 - NÚMERO DE CONTROL | |
| campo de control | 70404 |
| 003 - IDENTIFICADOR DE NÚMERO DE CONTROL | |
| campo de control | ES-MaACL |
| 005 - FECHA Y HORA DE LA ÚLTIMA TRANSACCIÓN | |
| campo de control | 20230906170817.0 |
| 007 - CAMPO FIJO DE DESCRIPCIÓN FÍSICA--INFORMACIÓN GENERAL | |
| campo de control de longitud fija | t| |
| 008 - DATOS DE LONGITUD FIJA--INFORMACIÓN GENERAL | |
| campo de control de longitud fija | 040723s1928 sp ||||1| spa d |
| 100 1# - ENTRADA PRINCIPAL--NOMBRE DE PERSONA | |
| Nombre de persona | García Santillán, Juan Carlos. |
| 9 (RLIN) | 55276 |
| 245 10 - MENCIÓN DEL TÍTULO | |
| Título | Legislación sobre indios del Rio de la Plata en el siglo XVI / |
| Mención de responsabilidad, etc. | por Juan Carlos García Santillán. |
| 260 ## - PUBLICACIÓN, DISTRIBUCIÓN, ETC. | |
| Lugar de publicación, distribución, etc. | Madrid : |
| Nombre del editor, distribuidor, etc. | [s.n., |
| Fecha de publicación, distribución, etc. | 1928] ( |
| Fabricante | Imp. del Asilo de Huérfanos del S. C. de Jesús) |
| 300 ## - DESCRIPCIÓN FÍSICA | |
| Extensión | 464 p., 7 lám. : |
| Otras características físicas | map. ; |
| Dimensiones | 25 cm. |
| 490 1# - MENCIÓN DE SERIE | |
| Mención de serie | Biblioteca de historia Hispano-Americana |
| 830 0# - PUNTO DE ACCESO ADICIONAL DE SERIE-TÍTULO UNIFORME | |
| Título uniforme | Biblioteca de historia Hispano-Americana |
| 9 (RLIN) | 228965 |
| 852 ## - LOCALIZACIÓN | |
| Ubicación | ES-MaACL |
| Número de control de estantería | A-108 |
| Sublocalización o colección | R.9067 |
| Estatus retirado | Estado de pérdida | Estado de daño | No para préstamo | Biblioteca de origen | Biblioteca actual | Ubicación en estantería | Fecha de adquisición | Fuente de adquisición | Total de préstamos | Signatura topográfica completa | Código de barras | Visto por última vez | Precio de reemplazo | Tipo de ítem Koha |
|---|---|---|---|---|---|---|---|---|---|---|---|---|---|---|
| Biblioteca del Ateneo de Madrid | Biblioteca del Ateneo de Madrid | Sala Pecera Planta 1 | 17/01/2008 | A-108 | 1073723 | 23/02/2023 | 23/02/2023 | Libro impreso |
